<?xml version="1.0" encoding="UTF-8"?>
<record
    xmlns:xsi="http://www.w3.org/2001/XMLSchema-instance"
    xsi:schemaLocation="http://www.loc.gov/MARC21/slim http://www.loc.gov/standards/marcxml/schema/MARC21slim.xsd"
    xmlns="http://www.loc.gov/MARC21/slim">

  <leader>01208nam a22003257a 4500</leader>
  <controlfield tag="003">CHAP</controlfield>
  <controlfield tag="005">20250926062750.0</controlfield>
  <controlfield tag="008">971013s1994            r     00010     d</controlfield>
  <datafield tag="010" ind1=" " ind2=" ">
    <subfield code="a">38890</subfield>
  </datafield>
  <datafield tag="011" ind1=" " ind2=" ">
    <subfield code="a">39862</subfield>
  </datafield>
  <datafield tag="035" ind1=" " ind2=" ">
    <subfield code="a">43987</subfield>
  </datafield>
  <datafield tag="040" ind1=" " ind2=" ">
    <subfield code="c">CHAP</subfield>
  </datafield>
  <datafield tag="100" ind1="0" ind2="0">
    <subfield code="a">Castorena Garc&#xED;a, Jos&#xE9; Santos.</subfield>
    <subfield code="9">20289</subfield>
  </datafield>
  <datafield tag="245" ind1=" " ind2=" ">
    <subfield code="a">Efecto de las diferentes fuentes nitrogenadas y dosis de azufre sobre el rendimiento y calidad del forraje de zacate Taiwan (Pennisetum purpureum Schumach)</subfield>
  </datafield>
  <datafield tag="260" ind1=" " ind2=" ">
    <subfield code="a">Mar&#xED;n, N. L. :</subfield>
    <subfield code="b">El autor,</subfield>
    <subfield code="c">1994</subfield>
  </datafield>
  <datafield tag="300" ind1=" " ind2=" ">
    <subfield code="a">78 h.</subfield>
  </datafield>
  <datafield tag="500" ind1=" " ind2=" ">
    <subfield code="a">(Ing. Agr. Zootecnista) -- Universidad Aut&#xF3;noma de Nuevo Le&#xF3;n. Facultad de Agronom&#xED;a</subfield>
  </datafield>
  <datafield tag="590" ind1=" " ind2=" ">
    <subfield code="a">BATCH-UPD</subfield>
    <subfield code="b">10</subfield>
    <subfield code="c">20130110</subfield>
    <subfield code="l">UCH01</subfield>
    <subfield code="h">0942</subfield>
  </datafield>
  <datafield tag="590" ind1=" " ind2=" ">
    <subfield code="a">BATCH-UPD</subfield>
    <subfield code="b">10</subfield>
    <subfield code="c">20130410</subfield>
    <subfield code="l">UCH01</subfield>
    <subfield code="h">0558</subfield>
  </datafield>
  <datafield tag="590" ind1=" " ind2=" ">
    <subfield code="a">BATCH-UPD</subfield>
    <subfield code="b">10</subfield>
    <subfield code="c">20130914</subfield>
    <subfield code="l">UCH01</subfield>
    <subfield code="h">0512</subfield>
  </datafield>
  <datafield tag="590" ind1=" " ind2=" ">
    <subfield code="a">BATCH-UPD</subfield>
    <subfield code="b">10</subfield>
    <subfield code="c">20130914</subfield>
    <subfield code="l">UCH01</subfield>
    <subfield code="h">2116</subfield>
  </datafield>
  <datafield tag="590" ind1=" " ind2=" ">
    <subfield code="a">CONVERSION</subfield>
    <subfield code="b">10</subfield>
    <subfield code="c">20130109</subfield>
    <subfield code="l">UCH01</subfield>
    <subfield code="h">1322</subfield>
  </datafield>
  <datafield tag="650" ind1="1" ind2="4">
    <subfield code="a">Azufre</subfield>
    <subfield code="x">Efecto en pastos.</subfield>
    <subfield code="9">9216</subfield>
  </datafield>
  <datafield tag="650" ind1="1" ind2="4">
    <subfield code="a">Nitr&#xF3;geno</subfield>
    <subfield code="x">Efecto en pastos.</subfield>
    <subfield code="9">81455</subfield>
  </datafield>
  <datafield tag="650" ind1="1" ind2="7">
    <subfield code="a">Pastos forrajeros</subfield>
    <subfield code="x">Rendimiento</subfield>
    <subfield code="2"></subfield>
    <subfield code="9">86118</subfield>
  </datafield>
  <datafield tag="650" ind1="1" ind2="4">
    <subfield code="a">Pennisetum purpureum.</subfield>
    <subfield code="9">86708</subfield>
  </datafield>
  <datafield tag="901" ind1=" " ind2=" ">
    <subfield code="a">BK</subfield>
  </datafield>
  <datafield tag="942" ind1=" " ind2=" ">
    <subfield code="c">TESIS</subfield>
  </datafield>
  <datafield tag="949" ind1=" " ind2=" ">
    <subfield code="b">BC</subfield>
    <subfield code="c">TES</subfield>
    <subfield code="d">-100648</subfield>
    <subfield code="e">TS1</subfield>
    <subfield code="h">27279</subfield>
    <subfield code="i">43987</subfield>
    <subfield code="s">i</subfield>
  </datafield>
  <datafield tag="999" ind1=" " ind2=" ">
    <subfield code="c">38890</subfield>
    <subfield code="d">38890</subfield>
  </datafield>
  <datafield tag="952" ind1=" " ind2=" ">
    <subfield code="0">0</subfield>
    <subfield code="1">0</subfield>
    <subfield code="2">local</subfield>
    <subfield code="4">0</subfield>
    <subfield code="5">1</subfield>
    <subfield code="7">0</subfield>
    <subfield code="8">TESIS</subfield>
    <subfield code="a">BC</subfield>
    <subfield code="b">BC</subfield>
    <subfield code="c">PA_TESIS</subfield>
    <subfield code="d">2019-12-31</subfield>
    <subfield code="f">TESIS</subfield>
    <subfield code="l">0</subfield>
    <subfield code="o">Tesis</subfield>
    <subfield code="p">-100648</subfield>
    <subfield code="r">2019-12-31 00:00:00</subfield>
    <subfield code="w">2019-12-31</subfield>
    <subfield code="y">TESIS</subfield>
  </datafield>
</record>
